လယ်ယာလုပ်သားစကားပုံများ / (Record no. 27310)

000 -LEADER
fixed length control field 00924nam a22001937a 4500
005 - DATE AND TIME OF LATEST TRANSACTION
control field 20260127151727.0
008 - FIXED-LENGTH DATA ELEMENTS--GENERAL INFORMATION
fixed length control field 230718b ||||| |||| 00| 0 eng d
040 ## - CATALOGING SOURCE
Transcribing agency SSBUL
Modifying agency SSBUL
082 ## - DEWEY DECIMAL CLASSIFICATION NUMBER
Edition number 23
Classification number ၃၉၈.၉၉၅၈ ဘ ၁၆၀၀၇ (S-SAT)
100 0# - MAIN ENTRY--PERSONAL NAME
Personal name ဘရင်၊
Titles and words associated with a name ဦး၊
Miscellaneous information ဟံသာဝတီ။
9 (RLIN) 12519
245 10 - TITLE STATEMENT
Title လယ်ယာလုပ်သားစကားပုံများ /
Statement of responsibility, etc. ဟံသာဝတီ ဦးဘရင်။
300 ## - PHYSICAL DESCRIPTION
Extent ၇၀ စာမျက်နှာ၊
Dimensions ၁၈ စင်တီ။
440 ## - SERIES STATEMENT/ADDED ENTRY--TITLE
Title စာပေဗိမာန်ထုတ်ပြည်သူ့လက်စွဲစာစဉ်။
9 (RLIN) 27757
500 ## - GENERAL NOTE
General note စာအုပ်အဖုံးမပါ။
General note S-SAT: Dr. Prof Sai Aung Tun
650 ## - SUBJECT ADDED ENTRY--TOPICAL TERM
Topical term or geographic name entry element စကားပုံများ။
9 (RLIN) 28118
Topical term or geographic name entry element မြန်မာစာကားပုံများ။
9 (RLIN) 28119
942 ## - ADDED ENTRY ELEMENTS (KOHA)
Source of classification or shelving scheme
Koha item type Book (Short term)
Holdings
Withdrawn status Lost status Source of classification or shelving scheme Damaged status Not for loan Collection code Permanent Location Current Location Shelving location Date acquired Total Checkouts Full call number Barcode Date last seen Price effective from Koha item type Accession
          Special Collections Shan State Buddhist University Library Shan State Buddhist University Library Special Collection Shelves 18/07/2023   ၃၉၈.၉၉၅၈ ဘ ၁၆၀၀၇ (S-SAT) MB00016007 18/07/2023 18/07/2023 Book (Short term) ၁၆၀၀၇ (S-SAT)

Library - 09407999929
Admin Office - 09407999979
Dean Office - 09250910768
Registrar Office - 09892297154
Email - [email protected]
Shan State Buddhist University, Phaya Phyu Taunggyi, Shan State, Myanmar.